Engines of the mind : A history of the computer

Engines of the Mind. The Evolution of the Computer from Mainframes to Microprocessors. Joel N. Shurkin (Author). Sign up for the ... Here is the first full account of an invention that changed the world.

Salvato in:
Dettagli Bibliografici
Autore principale: Shurkin, Joel
Natura: Libro
Lingua:Undetermined
Pubblicazione: New York Norton 1984
Soggetti:
Tags: Aggiungi Tag
Nessun Tag, puoi essere il primo ad aggiungerne! !
Thư viện lưu trữ: Trung tâm Học liệu Trường Đại học Cần Thơ
LEADER 00755nam a2200217Ia 4500
001 CTU_97827
008 210402s9999 xx 000 0 und d
082 |a 001.64 
082 |b S394 
100 |a Shurkin, Joel 
245 0 |a Engines of the mind : 
245 2 |b A history of the computer 
245 0 |c Joel Shurkin 
260 |a New York 
260 |b Norton 
260 |c 1984 
520 |a Engines of the Mind. The Evolution of the Computer from Mainframes to Microprocessors. Joel N. Shurkin (Author). Sign up for the ... Here is the first full account of an invention that changed the world. 
650 |a Computer,Máy tính 
650 |x History,Lịch sử 
904 |i M.Loan 
980 |a Trung tâm Học liệu Trường Đại học Cần Thơ